00486nam a22001457a 4500020001800000082001600018100002400034245005500058260003400113300000800147650002400155942000700179952013700186999001700323 a9789381523728 a720.954 SEN aSen Gupta, Subhadra aFatehpur Sikri: Akbar's Magnificent City on a Hill aNew DelhibNiyogi Booksc2013 a244 aArchitecture-Mughal cBK 001040708NFICaHMIbHMIcGENd2020-09-15eDasgupta Publishers, Kolkatag995.00l0o720.954 SENp25809r2020-09-25w2020-09-25yBK c23119d23119